| 000 | 00988cab a2200265 4500 | ||
|---|---|---|---|
| 001 | WB2303-20 | ||
| 008 | 090401t1987 xxu||||| |||| 00| 0 eng d | ||
| 035 | _a(Sirsi) u2371 | ||
| 041 | _aeng | ||
| 245 | _aRent laws relaxed | ||
| 260 | _c1987 | ||
| 350 | _a0 | ||
| 490 |
_aFinancial Times _v14/1/87 p6 |
||
| 520 | _aThe Housing Minister announces moves to help landlords secure a higher return from letting houses. One measure removes the requirement in the Rent Act 1977 to phase rent increases over two years and the second will remove the obligation to get a Rent Act controlled fair rent for shorthold tenancies . | ||
| 650 | _aFAIR RENTS | ||
| 650 | _aHOUSING ACT 1980 | ||
| 650 | _aHOUSING | ||
| 650 | _aPRIVATE RENTED SECTOR | ||
| 650 | _aREGULATED TENANCIES | ||
| 650 | _aPROPERTY-RESIDENTIAL PROPERTY-RESIDENTIAL LANDLORD AND TENANT-RESIDENTIAL TENANCIES | ||
| 650 | _aRIGHT TO RENT | ||
| 690 |
_aLandlord and tenant _96252 |
||
| 942 | _n0 | ||
| 948 | _c04/03/1997 | ||
| 999 |
_c1430 _d1430 |
||